Biblioteca

Mission from the margins to the margins : (Registro nro. 70398)

Detalles MARC
000 -LÍDER
Campo fijo de descripción fija 01598nab a2200241 i 4500
001 - NÚMERO DE CONTROL
Campo de control 768714001
003 - IDENTIFICADOR DEL NÚMERO DE CONTROL
Campo de control CO-MdFUSB
005 - FECHA Y HORA DE LA ULTIMA TRANSACCIÓN
control field 20240627105302.0
008 - ELEMENTOS DE LONGITUD FIJA -- INFORMACIÓN GENERAL
Campo fijo de descripción fija -- Información general 240627t1998 us ||||| |||| 00| 0 eng d
040 ## - FUENTE DE CATALOGACIÓN
Idioma de catalogación spa
Agencia que realiza la transcripción CO-MdFUSB
Agencia que realiza la modificación CO-MdFUSB
041 ## - CÓDIGO DE IDIOMA
Código de idioma para texto/pista de sonido o título separado eng
100 ## - ASIENTO PRINCIPAL--NOMBRE PERSONAL
Nombre personal Escobar, Samuel,
Término relacionador autor
245 ## - TÍTULO
Título Mission from the margins to the margins :
Subtitulo two case studies from Latin America
Mención de responsabilidad / Samuel Escobar
520 ## - NOTA DE RESUMEN, ETC.
Nota de sumario, etc. El desplazamiento del cristianismo hacia el Sur significa que la iniciativa misionera se traslada a países y regiones marginales desde el punto de vista del desarrollo económico y la hegemonía cultural. En consecuencia, se busca nuevos modelos de misión “desde los márgenes” que se acerquen más a los modelos de la época del Nuevo Testamento y de la iglesia preconstantiniana. Este artículo explora dos estudios de caso de la misión protestante que surgió de los márgenes de la sociedad norteamericana a principios de este siglo. Las historias de misioneros pentecostales y adventistas del séptimo día, que comenzaron su trabajo entre sectores marginados en áreas remotas de Brasil y Perú, brindan ejemplos sugerentes de metodología y enfoque.
546 ## - NOTA DE IDIOMA
Nota de idioma Texto en inglés.
630 07 - PUNTO DE ACCESO ADICIONAL DE MATERIA - TÍTULO UNIFORME
Título uniforme Biblia.
Parte o sección de la obra Nuevo Testamento
650 #7 - ASIENTO SECUNDARIO DE MATERIA - TERMINO TEMÁTICO
Término temático o nombre geográfico como elemento de entrada Misiones para países en desarrollo
9 (RLIN) 981
650 #7 - ASIENTO SECUNDARIO DE MATERIA - TERMINO TEMÁTICO
Término temático o nombre geográfico como elemento de entrada Cristianismo
9 (RLIN) 22
650 #0 - ASIENTO SECUNDARIO DE MATERIA - TERMINO TEMÁTICO
Término temático o nombre geográfico como elemento de entrada Protestantismo
9 (RLIN) 947
773 0# - ASIENTO DE ITEM FUENTE
Biblionumber 49486
Itemnumber 61110
Lugar, editorial y fecha de publicación Pasadena
Otro identificador del ítem R0904
Título Missiology:
Número de control del registro (CO-MdFUSB)97
Parte(s) relacionada(s) / Volumen., número. (mes año), páginas Volumen 26, (número 1, 1998) páginas: 87 - 95
Enumeración y primera página página: 87
942 ## - TIPO DE MATERIAL (KOHA)
Tipo de Item KOHA Artículos de Revista
945 ## - INFORMACIÓN LOCAL DEL REGISTRO
Catalogador Catherine Arias Álvarez - Practicante SENA

No hay ítems disponibles.

Biblioteca FUSBC | Teléfono: (57+4) 349 88 10 Ext. 141| WhatsApp (+57) 3005338115 
E-mail: biblioteca@unisbc.edu.co | Calle 76 87-14 Robledo Palenque, Medellín, Colombia

Con tecnología Koha